00696nam a2200229 i 4500001000400000245006100004260003800065300003300103490002800136650001100164700002100175830002800196040000800224041000800232044000800240080000600248942000700254008004100261999001700302856009800319952004900417bgj10aRomanische Kirchen /cmit einem Vorwort von Georg Piltz. aDresden :bSachsen Verlag,c1956. a13, [51] s. :bil. ;c25 cm.1 aUnsere schoöne Heimat9 aSztuka1 aPILTZ, Albrecht. aUnsere schoöne Heimat cBPK0 ager aDEU a7 cKS s gw f |000 0 ger  c50702d50702 uhttp://koha.tu.koszalin.pl/cgi-bin/koha/opac-detail.pl?biblionumber=50702yKatalog online BPK 00104070aBPKbBPKcwoN 820p02438078yKS